000 00575nam a22002057a 4500
005 20170124110131.0
010 _aB-213853
020 _c225.00
_a8125016708
035 _aB-213853
037 _bCen Lib/Ret
082 _aS
_bBHA
100 _aBhagat, Manjul
_928556
245 _aAnaro and other stories /
_cby Manjul Bhagat
260 _aNew Delhi
_bOrient longman
_c2001
270 _bNew Delhi
_a1/24 Asaf ali road
_e110002
300 _a123p.
_c19cm(pbk)
650 _aLiterature--Fiction
_972253
650 _aHindi stories
_972254
942 _2ddc
_cEN
_hS
_mBHA
999 _c131593
_d131593